[Event "Zalakaros_open"]
[Site "Zalakaros"]
[Date "2020.08.31"]
[Round "1.8"]
[White "Gyorfi, Norbert"]
[Black "Hardicsay, Peter"]
[Result "0-1"]
[WhiteElo "1753"]
[BlackElo "2205"]
[PlyCount "56"]
[EventDate "2020.08.31"]
[EventType "swiss"]
[EventRounds "7"]
[EventCountry "HUN"]

1. e4 c5 2. c3 Nf6 3. e5 Nd5 4. d4 cxd4 5. Nf3 Nc6 6. Bc4 Nb6 7. Bb3 d5 8. exd6
Qxd6 9. O-O Be6 10. Na3 a6 11. Bxe6 Qxe6 12. Re1 Qd5 13. cxd4 e6 14. Nc2 Be7
15. Bf4 Qd8 16. Qe2 Nd5 17. Bg3 O-O 18. a3 Rc8 19. Rad1 Qb6 20. Ne3 Rfd8 21. b4
Nc3 22. Qd2 Nxd1 23. Rxd1 a5 24. Nc4 Qb5 25. Nce5 axb4 26. axb4 Nxe5 27. Nxe5
Qd5 28. Qf4 f6 0-1

[Event "Zalakaros_open"]
[Site "Zalakaros"]
[Date "2020.08.31"]
[Round "1.10"]
[White "Dlauchy, Peter"]
[Black "Boguszlavszkij, Jevgenyij"]
[Result "0-1"]
[WhiteElo "1697"]
[BlackElo "2173"]
[PlyCount "66"]
[EventDate "2020.08.31"]
[EventType "swiss"]
[EventRounds "7"]
[EventCountry "HUN"]

1. e4 d5 2. exd5 Nf6 3. d4 Bg4 4. Be2 Bxe2 5. Qxe2 Qxd5 6. Nf3 e6 7. Nc3 Bb4 8.
O-O Bxc3 9. bxc3 O-O 10. c4 Qh5 11. Rb1 b6 12. Rb5 Qg6 13. Re1 h6 14. Ne5 Qh7
15. Rb3 Nbd7 16. Nxd7 Nxd7 17. Rg3 Kh8 18. Bb2 Rae8 19. Bc1 Rg8 20. Qf3 Qxc2
21. Rh3 Qf5 22. Qc6 Nf6 23. Rf3 Qg6 24. Rg3 Qh5 25. Rh3 Qg4 26. Be3 Re7 27. Rg3
Qe4 28. Qa4 a5 29. Qd1 Qf5 30. Bxh6 gxh6 31. Rxg8+ Kxg8 32. Re5 Qg4 33. Qd2 Rd7
0-1

[Event "Zalakaros_open"]
[Site "Zalakaros"]
[Date "2020.08.31"]
[Round "1.11"]
[White "Bodrogi, Bendeguz"]
[Black "Borsfai, Attila"]
[Result "1-0"]
[WhiteElo "2146"]
[BlackElo "1684"]
[PlyCount "135"]
[EventDate "2020.08.31"]
[EventType "swiss"]
[EventRounds "7"]
[EventCountry "HUN"]

1. c4 Nf6 2. Nc3 d6 3. g3 c6 4. Bg2 g6 5. Nf3 Bg7 6. O-O O-O 7. b3 Qc7 8. Bb2
e5 9. Rc1 Qe7 10. e4 Nh5 11. d4 f5 12. exf5 Bxf5 13. Re1 Nd7 14. dxe5 dxe5 15.
Nd4 Qf6 16. Nxf5 Qxf5 17. Qe2 Nhf6 18. Rcd1 Rad8 19. Ne4 Nxe4 20. Bxe4 Qg5 21.
Ba3 Rfe8 22. h4 Qf6 23. Rd6 Qf7 24. Rd3 Nf6 25. Red1 Rxd3 26. Rxd3 Nxe4 27.
Qxe4 Bf8 28. Bd6 Qf5 29. Qe2 Bxd6 30. Rxd6 e4 31. Qe3 a6 32. Kg2 Rf8 33. Qd4
Qf3+ 34. Kg1 e3 35. Qxe3 Qxe3 36. fxe3 Rf3 37. Rd8+ Kg7 38. Rd7+ Kh6 39. Rxb7
Rxg3+ 40. Kf2 Rh3 41. Rb6 Rh2+ 42. Kg3 Rxa2 43. Rxc6 Rb2 44. Rb6 a5 45. Rb5 Kg7
46. Kf4 h6 47. e4 Rh2 48. Kg3 Re2 49. Kf3 Rh2 50. Rxa5 Rh3+ 51. Kg4 Rxb3 52.
Ra7+ Kf6 53. Ra6+ Kf7 54. h5 gxh5+ 55. Kf5 Rc3 56. Ra7+ Ke8 57. Ke6 Kd8 58. Kd5
Rd3+ 59. Ke5 Rg3 60. Ra6 Kd7 61. Rxh6 Rg5+ 62. Kd4 Kc7 63. e5 Kd7 64. Kd5 Ke7
65. c5 Kd7 66. c6+ Ke7 67. Rh7+ Kd8 68. Kd6 1-0

[Event "Zalakaros_open"]
[Site "Zalakaros"]
[Date "2020.09.01"]
[Round "2.2"]
[White "Kaczur, Florian"]
[Black "Biro, Sandor"]
[Result "1-0"]
[WhiteElo "2507"]
[BlackElo "2141"]
[PlyCount "69"]
[EventDate "2020.08.31"]
[EventType "swiss"]
[EventRounds "7"]
[EventCountry "HUN"]

1. e4 Nc6 2. Bb5 a6 3. Bxc6 bxc6 4. Nf3 e6 5. d3 Ne7 6. b3 Ng6 7. Bb2 d6 8. d4
Bd7 9. Nc3 Be7 10. Qd2 O-O 11. O-O-O f5 12. e5 a5 13. g3 f4 14. Qd3 a4 15. h4
axb3 16. axb3 fxg3 17. fxg3 d5 18. Na4 Rxa4 19. bxa4 Qa8 20. h5 Nh8 21. h6 g5
22. Ba3 c5 23. Bxc5 Bxc5 24. dxc5 Qxa4 25. Qc3 Ng6 26. Nd4 Rb8 27. c6 Bc8 28.
Nb3 Rb6 29. Rhf1 Ba6 30. Rf2 Rxc6 31. Qf3 Qa3+ 32. Kb1 Qe7 33. Qf6 Qxf6 34.
Rxf6 Nxe5 35. Re1 1-0

[Event "Zalakaros_open"]
[Site "Zalakaros"]
[Date "2020.09.01"]
[Round "2.3"]
[White "Boronyak, Arpad"]
[Black "Horvath, Adam"]
[Result "0-1"]
[WhiteElo "2120"]
[BlackElo "2488"]
[PlyCount "96"]
[EventDate "2020.08.31"]
[EventType "swiss"]
[EventRounds "7"]
[EventCountry "HUN"]

1. e4 c5 2. Nc3 Nc6 3. g3 g6 4. Bg2 Bg7 5. d3 e6 6. Be3 d6 7. Nge2 Nd4 8. O-O
Ne7 9. Qd2 O-O 10. Nd1 Nxe2+ 11. Qxe2 Nc6 12. Qd2 Rb8 13. c3 b5 14. Bh6 Bxh6
15. Qxh6 b4 16. Ne3 bxc3 17. bxc3 Ba6 18. Rfd1 Rb2 19. f4 Qf6 20. e5 Nxe5 21.
fxe5 Qf2+ 22. Kh1 Re2 23. exd6 Qxe3 24. Qxe3 Rxe3 25. Bc6 Rd8 26. d7 Bxd3 27.
Rd2 Kf8 28. Kg1 Bc4 29. Rc1 Ke7 30. Kf2 Re5 31. Rb1 Bd5 32. Bb5 g5 33. c4 Bb7
34. Rb3 Re4 35. Rc3 f5 36. Rc1 h5 37. Re1 h4 38. Rxe4 hxg3+ 39. hxg3 Bxe4 40.
Ke3 Rh8 41. Ba4 Bb7 42. Bb5 f4+ 43. gxf4 Rh3+ 44. Kf2 Rh2+ 45. Ke1 Rxd2 46.
Kxd2 gxf4 47. Ke2 Be4 48. Kf2 e5 0-1

[Event "Zalakaros_open"]
[Site "Zalakaros"]
[Date "2020.09.01"]
[Round "2.4"]
[White "Pasti, Aron"]
[Black "Bereczki, Janos"]
[Result "1-0"]
[WhiteElo "2294"]
[BlackElo "2099"]
[PlyCount "63"]
[EventDate "2020.08.31"]
[EventType "swiss"]
[EventRounds "7"]
[EventCountry "HUN"]

1. e4 e6 2. d4 d5 3. Nc3 dxe4 4. Nxe4 Nd7 5. Nf3 Ngf6 6. Bd3 Nxe4 7. Bxe4 Nf6
8. Bd3 Be7 9. Qe2 O-O 10. Bd2 b6 11. c4 Bb7 12. Bc3 c5 13. dxc5 bxc5 14. O-O-O
Qc7 15. Kb1 Qf4 16. Be5 Qg4 17. Rhg1 Be4 18. h3 Bxd3+ 19. Qxd3 Qe4 20. Rge1
Qxd3+ 21. Rxd3 Rfd8 22. Red1 Ne4 23. Kc2 Nxf2 24. Rxd8+ Rxd8 25. Rxd8+ Bxd8 26.
Nd2 Bf6 27. Bd6 Bd4 28. b4 f5 29. b5 Kf7 30. Bb8 Ke7 31. Bxa7 Kd6 32. Nb3 1-0

[Event "Zalakaros_open"]
[Site "Zalakaros"]
[Date "2020.09.01"]
[Round "2.5"]
[White "Jeszenszky, Jozsef"]
[Black "Leszko, Bence"]
[Result "1/2-1/2"]
[WhiteElo "2099"]
[BlackElo "2260"]
[PlyCount "95"]
[EventDate "2020.08.31"]
[EventType "swiss"]
[EventRounds "7"]
[EventCountry "HUN"]

1. d4 e6 2. c4 Bb4+ 3. Nc3 f5 4. Qc2 Nf6 5. e3 b6 6. Nge2 Bb7 7. a3 Bxc3+ 8.
Nxc3 O-O 9. f3 d6 10. Be2 a5 11. O-O Nbd7 12. b3 Qe7 13. Bb2 e5 14. Qxf5 exd4
15. exd4 Ne4 16. Nd5 Qg5 17. Qxe4 Rae8 18. Qc2 Bxd5 19. cxd5 Qe3+ 20. Rf2 Nf6
21. Qc3 Qf4 22. g3 Qh6 23. Raf1 Kh8 24. Bc4 Re7 25. Re1 Ref7 26. Rfe2 Qh3 27.
Rg2 Nh5 28. Re3 Nf6 29. Qe1 Qf5 30. Bd3 Qh5 31. Bc4 h6 32. Bc1 Qf5 33. Bd3 Qd7
34. Bc4 b5 35. Be2 Nxd5 36. Rd3 b4 37. axb4 axb4 38. Bd2 Re8 39. Qa1 Qf5 40.
Qa5 Rxe2 41. Rxe2 Qxd3 42. Re8+ Kh7 43. Qxd5 Rxf3 44. Qg8+ Kg6 45. Qe6+ Kh7 46.
Qg8+ Kg6 47. Qe6+ Kh7 48. Qg8+ 1/2-1/2

[Event "Zalakaros_open"]
[Site "Zalakaros"]
[Date "2020.09.01"]
[Round "2.6"]
[White "Metaxasz, Vaszilisz"]
[Black "Pasztor, Ferenc"]
[Result "1/2-1/2"]
[WhiteElo "2039"]
[BlackElo "2231"]
[PlyCount "46"]
[EventDate "2020.08.31"]
[EventType "swiss"]
[EventRounds "7"]
[EventCountry "HUN"]

1. c4 Nf6 2. Nc3 g6 3. e4 d6 4. g3 c5 5. Bg2 Nc6 6. Nge2 e5 7. d3 Be6 8. O-O
Bg7 9. Nd5 Bxd5 10. cxd5 Ne7 11. f4 Nd7 12. f5 gxf5 13. exf5 h5 14. Nc3 Qb6 15.
Kh1 O-O-O 16. Qe2 Rdg8 17. Rb1 a5 18. a3 Qb3 19. Ne4 Nxd5 20. Nxd6+ Kc7 21. Nc4
Nc3 22. Nxa5 Nxe2 23. Nxb3 Nxc1 1/2-1/2

[Event "Zalakaros_open"]
[Site "Zalakaros"]
[Date "2020.09.01"]
[Round "2.7"]
[White "Hardicsay, Peter"]
[Black "Molnar, Gabor"]
[Result "1/2-1/2"]
[WhiteElo "2205"]
[BlackElo "1981"]
[PlyCount "47"]
[EventDate "2020.08.31"]
[EventType "swiss"]
[EventRounds "7"]
[EventCountry "HUN"]

1. e4 c6 2. d4 d5 3. Nd2 dxe4 4. Nxe4 Nf6 5. Nxf6+ exf6 6. c3 Bd6 7. Bd3 O-O 8.
Qc2 Re8+ 9. Ne2 h5 10. h3 Nd7 11. g4 h4 12. Be3 Qa5 13. Be4 Nf8 14. O-O Qc7 15.
Bg2 Ng6 16. Rad1 Bd7 17. c4 Rad8 18. c5 Bh2+ 19. Kh1 Nf4 20. Bxf4 Bxf4 21. Nc3
Qc8 22. d5 cxd5 23. Nxd5 Bb8 24. b4 1/2-1/2

[Event "Zalakaros_open"]
[Site "Zalakaros"]
[Date "2020.09.01"]
[Round "2.8"]
[White "Balogh, Marton"]
[Black "Meszaros, Andras"]
[Result "0-1"]
[WhiteElo "1958"]
[BlackElo "2202"]
[PlyCount "88"]
[EventDate "2020.08.31"]
[EventType "swiss"]
[EventRounds "7"]
[EventCountry "HUN"]

1. d4 Nf6 2. Bf4 g6 3. e3 Bg7 4. Nf3 b6 5. Be2 Bb7 6. c4 c5 7. Nc3 cxd4 8. exd4
O-O 9. O-O d5 10. Ne5 dxc4 11. Bxc4 e6 12. Re1 Nd5 13. Qf3 Nc6 14. Rad1 Nce7
15. Nxd5 Bxd5 16. Bxd5 Qxd5 17. Qxd5 Nxd5 18. Bd2 f6 19. Nd3 Kf7 20. Rc1 Rac8
21. a3 Rfd8 22. Rxc8 Rxc8 23. Rc1 Rxc1+ 24. Bxc1 Ke7 25. Bd2 Kd6 26. f4 Nc7 27.
Kf2 Kd5 28. Be3 Kc4 29. Ke2 Bf8 30. Nc1 Nb5 31. b3+ Kd5 32. Kd3 Bxa3 33. Ne2
Bb2 34. g4 f5 35. h3 a5 36. Bg1 Ba3 37. Bf2 Bb4 38. Be3 Nd6 39. Ng3 Ne4 40.
Nxe4 fxe4+ 41. Kc2 Bf8 42. Kc3 Bg7 43. h4 b5 44. b4 Bxd4+ 0-1

[Event "Zalakaros_open"]
[Site "Zalakaros"]
[Date "2020.09.01"]
[Round "2.9"]
[White "Boguszlavszkij, Jevgenyij"]
[Black "Farkas, Otto Jr"]
[Result "1-0"]
[WhiteElo "2173"]
[BlackElo "1953"]
[PlyCount "47"]
[EventDate "2020.08.31"]
[EventType "swiss"]
[EventRounds "7"]
[EventCountry "HUN"]

1. e4 Nf6 2. d3 e5 3. Nf3 Nc6 4. g3 Bc5 5. Be3 Bxe3 6. fxe3 O-O 7. Bg2 d6 8.
Nc3 Bg4 9. Qd2 Bxf3 10. Bxf3 Rb8 11. O-O Ne7 12. Rf2 c6 13. Raf1 b5 14. g4 Qb6
15. g5 Ne8 16. Bg4 Nc7 17. Rf3 d5 18. Qf2 Kh8 19. Kh1 dxe4 20. Rxf7 Rxf7 21.
Qxf7 Ng8 22. Nxe4 Nd5 23. Nd6 h6 24. Qg6 1-0

[Event "Zalakaros_open"]
[Site "Zalakaros"]
[Date "2020.09.01"]
[Round "2.10"]
[White "Stifter, Ewald"]
[Black "Bodrogi, Bendeguz"]
[Result "1-0"]
[WhiteElo "1937"]
[BlackElo "2146"]
[PlyCount "98"]
[EventDate "2020.08.31"]
[EventType "swiss"]
[EventRounds "7"]
[EventCountry "HUN"]

1. Nf3 c5 2. g3 Nc6 3. d4 cxd4 4. Nxd4 g6 5. Bg2 Bg7 6. Nxc6 bxc6 7. O-O Nf6 8.
Nc3 O-O 9. e4 e6 10. Qd6 Ne8 11. Qd2 d5 12. b3 Nd6 13. Rb1 Qc7 14. Ba3 Rd8 15.
Rfd1 Ba6 16. Bxd6 Qxd6 17. Na4 Qe7 18. Qa5 Bb5 19. Nb2 Rab8 20. a4 Be2 21. Re1
Bh5 22. Nd3 g5 23. exd5 cxd5 24. Bxd5 Bg6 25. Bc4 h5 26. Ne5 Qf6 27. Nxg6 Qxg6
28. Bd3 Qh6 29. Qxa7 h4 30. Qe3 Bd4 31. Qf3 Kg7 32. g4 Bb6 33. Re5 Rd4 34. Re4
Rxe4 35. Qxe4 Qf6 36. Rf1 Rd8 37. Qc6 Rd4 38. h3 Bd8 39. Qg2 Bc7 40. Re1 Rf4
41. Re4 Rf3 42. Be2 Rc3 43. Bd3 Bb6 44. Rc4 Rxc4 45. Bxc4 Qc3 46. Bd3 Qe1+ 47.
Qf1 Qb4 48. Qc1 Qc5 49. Qd2 Qe5 1-0

[Event "Zalakaros_open"]
[Site "Zalakaros"]
[Date "2020.09.01"]
[Round "2.11"]
[White "Dobos, Jozsef"]
[Black "Herbold, Manfred"]
[Result "1-0"]
[WhiteElo "2254"]
[BlackElo "2063"]
[PlyCount "79"]
[EventDate "2020.08.31"]
[EventType "swiss"]
[EventRounds "7"]
[EventCountry "HUN"]

1. Nf3 Nc6 2. e4 Nf6 3. e5 Ng4 4. d4 d6 5. h3 Nh6 6. Nc3 a6 7. g4 e6 8. Bg5 Qd7
9. a3 Ng8 10. Bd3 b6 11. Qe2 Bb7 12. O-O-O d5 13. Kb1 Na5 14. Na2 c5 15. c4 Ne7
16. Nc3 dxc4 17. Be4 Nd5 18. Nxd5 Bxd5 19. Bxd5 Qxd5 20. dxc5 Qxc5 21. Nd2 Rc8
22. Ne4 Qxe5 23. f4 Qb5 24. Qd2 Nb7 25. f5 Bxa3 26. Nf6+ gxf6 27. Bxf6 c3 28.
Bxc3 Rg8 29. fxe6 fxe6 30. Qh6 Nc5 31. Qh5+ Rg6 32. Qxh7 Rg5 33. Qh8+ Kf7 34.
Qf6+ Ke8 35. Qxg5 Na4 36. Qg6+ Ke7 37. Bf6+ Kf8 38. Qg7+ Ke8 39. Qg8+ Bf8 40.
Qxe6+ 1-0

[Event "Zalakaros_open"]
[Site "Zalakaros"]
[Date "2020.09.02"]
[Round "3.1"]
[White "Aczel, Gergely"]
[Black "Pasti, Aron"]
[Result "1-0"]
[WhiteElo "2511"]
[BlackElo "2294"]
[PlyCount "59"]
[EventDate "2020.08.31"]
[EventType "swiss"]
[EventRounds "7"]
[EventCountry "HUN"]

1. d4 d5 2. c4 e6 3. Nc3 Nf6 4. cxd5 exd5 5. Bg5 Be7 6. e3 c6 7. Bd3 Nbd7 8. h3
Nf8 9. Nf3 Ne6 10. Bh4 g6 11. O-O O-O 12. Qb3 Ng7 13. Rfc1 Nfe8 14. Bg3 Bd6 15.
Be5 Bxe5 16. dxe5 Qe7 17. e4 dxe4 18. Nxe4 Be6 19. Qc3 f5 20. Ned2 Nc7 21. Bc4
Rfd8 22. a4 Bxc4 23. Nxc4 Nge6 24. Rd1 Nf4 25. Qb3 Ncd5 26. Nd6 Rab8 27. Rd2
Qe6 28. Qc4 Nxg2 29. Rxd5 cxd5 30. Qd4 1-0

[Event "Zalakaros_open"]
[Site "Zalakaros"]
[Date "2020.09.02"]
[Round "3.2"]
[White "Meszaros, Andras"]
[Black "Kaczur, Florian"]
[Result "0-1"]
[WhiteElo "2202"]
[BlackElo "2507"]
[PlyCount "100"]
[EventDate "2020.08.31"]
[EventType "swiss"]
[EventRounds "7"]
[EventCountry "HUN"]

1. e4 e5 2. Nf3 Nc6 3. Bb5 a6 4. Ba4 Nf6 5. O-O Be7 6. Re1 b5 7. Bb3 d6 8. c3
O-O 9. h3 a5 10. a3 a4 11. Ba2 Nd7 12. d3 Nb6 13. Be3 Rb8 14. c4 b4 15. axb4
Nxb4 16. Nc3 c5 17. Bb1 Bd7 18. Ra3 Ra8 19. Bd2 Qe8 20. Nd5 N6xd5 21. exd5 Rb8
22. Qe2 f5 23. d4 cxd4 24. Nxd4 Na6 25. b3 Qc8 26. Ra1 axb3 27. g4 fxg4 28.
hxg4 Nc5 29. Nf5 Bxf5 30. Bxf5 Qc7 31. Qe3 g6 32. Bb1 Rf4 33. Qh3 Rxc4 34. Kg2
e4 35. Be3 Bf6 36. Ra3 Bd4 37. Bxd4 Rxd4 38. Qc3 Qg7 39. Re3 Rd1 40. Qxg7+ Kxg7
41. Ra7+ Kf6 42. Bxe4 Nxe4 43. Rxe4 b2 44. f4 Rd2+ 45. Kf3 Rb3+ 46. Re3 Rxe3+
47. Kxe3 b1=Q 48. g5+ Kf5 49. Rf7+ Kg4 50. Kxd2 Qe4 0-1

[Event "Zalakaros_open"]
[Site "Zalakaros"]
[Date "2020.09.02"]
[Round "3.3"]
[White "Horvath, Adam"]
[Black "Boguszlavszkij, Jevgenyij"]
[Result "1-0"]
[WhiteElo "2488"]
[BlackElo "2173"]
[PlyCount "105"]
[EventDate "2020.08.31"]
[EventType "swiss"]
[EventRounds "7"]
[EventCountry "HUN"]

1. e4 e5 2. Nf3 Nc6 3. Bc4 Be7 4. O-O d6 5. a4 Be6 6. Bxe6 fxe6 7. d4 exd4 8.
Nxd4 Nxd4 9. Qxd4 e5 10. Qc4 Qd7 11. Nc3 Nf6 12. Bg5 h6 13. Bxf6 gxf6 14. a5 c6
15. b4 a6 16. Rfd1 Qg4 17. h3 Qg8 18. Qe2 Qf7 19. Na4 O-O 20. Nb6 Rad8 21. Ra3
Kh7 22. Rf3 Qe6 23. c4 Rg8 24. Rf5 Rg5 25. Rxg5 fxg5 26. Rd3 Rf8 27. Qd1 Rg8
28. Rf3 Bd8 29. Rf5 Rg6 30. c5 Bxb6 31. axb6 d5 32. Qf3 d4 33. Qg3 Qd7 34. Qf3
Rg7 35. Rxe5 d3 36. Rf5 d2 37. Qd1 Re7 38. Kh2 Rxe4 39. Rf6 Re1 40. Qc2+ Kg8
41. Rg6+ Kf8 42. Qc3 Qd5 43. Qh8+ Ke7 44. Rd6 Qe5+ 45. Qxe5+ Rxe5 46. Rxd2 Re4
47. Rd6 h5 48. Rg6 Rxb4 49. Rxg5 a5 50. Rxh5 a4 51. Rh7+ Ke6 52. Rxb7 Kd5 53.
Ra7 1-0

[Event "Zalakaros_open"]
[Site "Zalakaros"]
[Date "2020.09.02"]
[Round "3.11"]
[White "Alexandrova, Angelina"]
[Black "Boronyak, Arpad"]
[Result "1/2-1/2"]
[WhiteElo "1825"]
[BlackElo "2120"]
[PlyCount "61"]
[EventDate "2020.08.31"]
[EventType "swiss"]
[EventRounds "7"]
[EventCountry "HUN"]

1. Nf3 Nf6 2. d4 d6 3. c4 g6 4. g3 Bg7 5. Bg2 O-O 6. O-O Nc6 7. Nc3 e5 8. d5
Ne7 9. e4 Bd7 10. b4 a5 11. Qb3 axb4 12. Qxb4 b6 13. a4 Qc8 14. Bb2 Bh3 15.
Nxe5 Bxg2 16. Kxg2 Re8 17. Nd3 h5 18. f3 g5 19. a5 bxa5 20. Rxa5 Rxa5 21. Qxa5
g4 22. Nb5 gxf3+ 23. Rxf3 Nxe4 24. Bxg7 Kxg7 25. Nxc7 Rf8 26. Re3 Qf5 27. Qe1
Ng5 28. Nf4 Ng6 29. Nxg6 Kxg6 30. Nb5 Ra8 31. Na3 1/2-1/2

[Event "Zalakaros_open"]
[Site "Zalakaros"]
[Date "2020.09.03"]
[Round "4.2"]
[White "Dobos, Jozsef"]
[Black "Horvath, Adam"]
[Result "1/2-1/2"]
[WhiteElo "2254"]
[BlackElo "2488"]
[PlyCount "76"]
[EventDate "2020.08.31"]
[EventType "swiss"]
[EventRounds "7"]
[EventCountry "HUN"]

1. Nf3 c5 2. g3 Nc6 3. Bg2 g6 4. O-O Bg7 5. d3 e5 6. c4 Nge7 7. Nc3 d6 8. Ne1
Be6 9. Nd5 O-O 10. Nc2 Rb8 11. Bg5 f6 12. Bd2 b5 13. b3 Qd7 14. Bc3 f5 15. f4
Kh8 16. Nxe7 Nxe7 17. fxe5 dxe5 18. cxb5 f4 19. gxf4 exf4 20. Bxg7+ Kxg7 21.
Qd2 Nd5 22. e4 fxe3 23. Nxe3 Nf4 24. Nf5+ Rxf5 25. Rxf4 Rxb5 26. Re1 a5 27. Qe3
Rxf4 28. Qxf4 Rb4 29. Qe5+ Kf7 30. Rf1+ Kg8 31. Qxc5 Qd4+ 32. Qxd4 Rxd4 33. Be4
a4 34. Rf6 Bf5 35. Bxf5 gxf5 36. Rxf5 Rxd3 37. bxa4 Ra3 38. Rf2 Kg7 1/2-1/2

[Event "Zalakaros_open"]
[Site "Zalakaros"]
[Date "2020.09.03"]
[Round "4.3"]
[White "Pasztor, Ferenc"]
[Black "Leszko, Bence"]
[Result "1/2-1/2"]
[WhiteElo "2231"]
[BlackElo "2260"]
[PlyCount "144"]
[EventDate "2020.08.31"]
[EventType "swiss"]
[EventRounds "7"]
[EventCountry "HUN"]

1. d4 e6 2. Nf3 Nf6 3. g3 c5 4. c3 d5 5. Bg2 Be7 6. O-O O-O 7. Nbd2 Nc6 8. Re1
b6 9. Ne5 Bb7 10. Nxc6 Bxc6 11. dxc5 Bxc5 12. Nb3 Bd6 13. Bg5 Be7 14. Bxf6 Bxf6
15. e4 dxe4 16. Bxe4 Qc7 17. Qf3 Bxe4 18. Qxe4 Rad8 19. Rad1 Rd7 20. Rxd7 Qxd7
21. Re2 Qd1+ 22. Re1 Qd7 23. Re2 Qb5 24. Rd2 a5 25. Nd4 Qc4 26. Qc6 Qxa2 27.
Qxb6 a4 28. Kg2 h6 29. Nf3 Qc4 30. Rd7 Qe4 31. Qb7 Qc4 32. Nd2 Qe2 33. Nf3 e5
34. Nd2 Bg5 35. Qf3 Qb5 36. Rb7 Qa6 37. Ne4 Bc1 38. Nc5 Qc4 39. Nd7 Re8 40. Nb6
Qe6 41. Qd5 Qxd5+ 42. Nxd5 Rd8 43. c4 Kh7 44. Kf3 Rc8 45. Nb6 Rc6 46. Nxa4 Rxc4
47. b3 e4+ 48. Ke2 Rd4 49. Rxf7 Rd2+ 50. Ke1 e3 51. fxe3 Rxh2 52. e4 h5 53. Nc5
h4 54. gxh4 Rxh4 55. b4 Kg6 56. Rf3 Bf4 57. Ke2 Kh5 58. Nd3 Bd6 59. Ke3 g5 60.
Rf6 Bb8 61. b5 Rh1 62. Kd4 Rb1 63. b6 g4 64. Kc5 g3 65. e5 Bxe5 66. Nxe5 g2 67.
Nf3 Rf1 68. Rf5+ Kg4 69. Rg5+ Kxf3 70. b7 Rc1+ 71. Kd6 Rd1+ 72. Kc7 Rc1+
1/2-1/2

[Event "Zalakaros_open"]
[Site "Zalakaros"]
[Date "2020.09.03"]
[Round "4.4"]
[White "Pasti, Aron"]
[Black "Biro, Sandor"]
[Result "1-0"]
[WhiteElo "2294"]
[BlackElo "2141"]
[PlyCount "81"]
[EventDate "2020.08.31"]
[EventType "swiss"]
[EventRounds "7"]
[EventCountry "HUN"]

1. e4 e5 2. Nf3 Nc6 3. Bb5 g6 4. c3 a6 5. Ba4 d6 6. d4 Bd7 7. Bg5 f6 8. Be3 Nh6
9. O-O Bg7 10. Re1 Nf7 11. Nbd2 O-O 12. Bb3 Qe7 13. dxe5 fxe5 14. Ng5 Ncd8 15.
f3 Kh8 16. Nxf7+ Nxf7 17. Nf1 h6 18. Bf2 Ng5 19. Ne3 Rae8 20. Nd5 Qd8 21. Qe2
Ne6 22. Rad1 g5 23. Be3 Rf7 24. Qd2 Rg8 25. Kh1 Bf8 26. Rf1 Rg6 27. Bg1 Rh7 28.
Ne3 h5 29. Nf5 g4 30. f4 exf4 31. Bxe6 Rxe6 32. Qxf4 Rf7 33. Bd4+ Kh7 34. Qd2
Rxe4 35. Ng3 Rxf1+ 36. Rxf1 Re6 37. Qd3+ Kg8 38. Nxh5 Be7 39. Nf6+ Rxf6 40.
Rxf6 Bxf6 41. Qg6+ 1-0

[Event "Zalakaros_open"]
[Site "Zalakaros"]
[Date "2020.09.03"]
[Round "4.5"]
[White "Hardicsay, Peter"]
[Black "Farkas, Otto Jr"]
[Result "1/2-1/2"]
[WhiteElo "2205"]
[BlackElo "1953"]
[PlyCount "50"]
[EventDate "2020.08.31"]
[EventType "swiss"]
[EventRounds "7"]
[EventCountry "HUN"]

1. e4 Nf6 2. e5 Nd5 3. c4 Nb6 4. d4 d6 5. exd6 cxd6 6. Nc3 g6 7. Be3 Bg7 8. Rc1
O-O 9. b3 Bf5 10. Nge2 d5 11. c5 Nc8 12. g3 Bg4 13. Bg2 Bxe2 14. Nxe2 Nc6 15.
O-O e6 16. b4 N8e7 17. Rb1 Nf5 18. Qd3 Re8 19. Rfd1 Qe7 20. a3 Rad8 21. Bh3
Nxe3 22. Qxe3 Qc7 23. f4 Kh8 24. Bg2 f6 25. Qf2 Rf8 1/2-1/2

[Event "Zalakaros_open"]
[Site "Zalakaros"]
[Date "2020.09.03"]
[Round "4.7"]
[White "Boguszlavszkij, Jevgenyij"]
[Black "Metaxasz, Vaszilisz"]
[Result "1-0"]
[WhiteElo "2173"]
[BlackElo "2039"]
[PlyCount "69"]
[EventDate "2020.08.31"]
[EventType "swiss"]
[EventRounds "7"]
[EventCountry "HUN"]

1. Nf3 d5 2. g3 g6 3. Bg2 Bg7 4. d3 e5 5. Nbd2 Nc6 6. O-O Nge7 7. e4 dxe4 8.
dxe4 O-O 9. c3 h6 10. Qe2 Be6 11. Rd1 Qd6 12. Nb3 Bc4 13. Qe1 Qe6 14. Nc5 Qc8
15. b3 Be6 16. Nxe6 Qxe6 17. Bf1 Rad8 18. Ba3 g5 19. Qe3 Rfe8 20. Bc4 Qg4 21.
Be2 Qe6 22. h4 gxh4 23. Nxh4 a6 24. Kg2 Rxd1 25. Rxd1 Rd8 26. Rh1 Qd7 27. Bc1
b5 28. a4 Na5 29. axb5 axb5 30. Ba3 Nxb3 31. Rd1 Qe8 32. Bxb5 Qf8 33. Rb1 Nd2
34. Rb2 Nd5 35. exd5 1-0

[Event "Zalakaros_open"]
[Site "Zalakaros"]
[Date "2020.09.03"]
[Round "4.8"]
[White "Piroska, Istvan"]
[Black "Bodrogi, Bendeguz"]
[Result "0-1"]
[WhiteElo "2143"]
[BlackElo "2146"]
[PlyCount "76"]
[EventDate "2020.08.31"]
[EventType "swiss"]
[EventRounds "7"]
[EventCountry "HUN"]

1. e4 c5 2. Nf3 Nc6 3. d4 cxd4 4. Nxd4 e5 5. Nb5 d6 6. N1c3 a6 7. Na3 Be7 8.
Nd5 Nf6 9. Nxf6+ Bxf6 10. Nc4 O-O 11. Be3 Be7 12. Nb6 Rb8 13. Nxc8 Rxc8 14. c3
Bg5 15. Qd2 Bxe3 16. Qxe3 d5 17. exd5 Qxd5 18. Bd3 f5 19. O-O e4 20. Bc2 Qe5
21. Rad1 Rcd8 22. Qb6 Qe7 23. Bb3+ Kh8 24. Rd5 Ne5 25. Rfd1 Nd3 26. Bc4 Rxd5
27. Bxd5 Rd8 28. c4 h6 29. a3 Rf8 30. b4 Qe5 31. Bxb7 f4 32. Qg6 Rf5 33. h3 f3
34. g4 e3 35. Qxf5 exf2+ 36. Kh1 Qe1+ 37. Kh2 f1=N+ 38. Kh1 Ng3+ 0-1

[Event "Zalakaros_open"]
[Site "Zalakaros"]
[Date "2020.09.03"]
[Round "4.9"]
[White "Marosvolgyi, Ferenc"]
[Black "Herbold, Manfred"]
[Result "0-1"]
[WhiteElo "1811"]
[BlackElo "2063"]
[PlyCount "96"]
[EventDate "2020.08.31"]
[EventType "swiss"]
[EventRounds "7"]
[EventCountry "HUN"]

1. d4 d6 2. c4 e5 3. d5 a5 4. Nc3 Bd7 5. e4 Be7 6. Bd3 Nf6 7. Nge2 Na6 8. O-O
O-O 9. a3 Nc5 10. Bc2 a4 11. f4 exf4 12. Bxf4 Ng4 13. Rf3 Bf6 14. Rb1 Re8 15.
Qf1 Qe7 16. Nb5 Bxb5 17. cxb5 Ne5 18. Rh3 g6 19. Nc3 Ng4 20. Qe2 Bd4+ 21. Kf1
h5 22. Rf3 Ne5 23. Bxe5 Qxe5 24. g3 b6 25. Kg2 f5 26. Rbf1 Bxc3 27. Rxc3 fxe4
28. Qe3 Kg7 29. Rd1 Ra5 30. Qe2 Re7 31. Bb1 Ra8 32. Qc4 Qg5 33. Qd4+ Kh7 34.
Re3 Rae8 35. Rde1 Re5 36. Ba2 h4 37. Bc4 Rf8 38. Kg1 Ref5 39. Qc3 Rf2 40. Bf1
Qf5 41. Qc4 Rxb2 42. R3e2 Rb3 43. Qc1 hxg3 44. hxg3 Rxg3+ 45. Bg2 Nd3 46. Qxc7+
Rf7 47. Qxd6 Rxg2+ 48. Kxg2 Nxe1+ 0-1

[Event "Zalakaros_open"]
[Site "Zalakaros"]
[Date "2020.09.03"]
[Round "4.10"]
[White "Boronyak, Arpad"]
[Black "Deak, Laszlo"]
[Result "1/2-1/2"]
[WhiteElo "2120"]
[BlackElo "1903"]
[PlyCount "20"]
[EventDate "2020.08.31"]
[EventType "swiss"]
[EventRounds "7"]
[EventCountry "HUN"]

1. e4 e5 2. Nf3 Nc6 3. Bc4 Nf6 4. d3 Be7 5. O-O O-O 6. c3 d5 7. exd5 Nxd5 8.
Re1 Bf6 9. Nbd2 Nb6 10. Qe2 Nxc4 1/2-1/2